How to : be a leader
Αποθηκεύτηκε σε:
| Κύριος συγγραφέας: | |
|---|---|
| Μορφή: | Βιβλίο |
| Γλώσσα: | English |
| Δημοσίευση: |
London :
Bluebird,
c2019.
|
| Σειρά: | How to : academy
|
| Θέματα: | |
| Ετικέτες: |
Προσθήκη ετικέτας
Δεν υπάρχουν, Καταχωρήστε ετικέτα πρώτοι!
|
MARC
| LEADER | 00000cam a2200000 a 4500 | ||
|---|---|---|---|
| 001 | 1/118692 | ||
| 008 | 190516t2019####enk| ||| |||| ||eng|| | ||
| 020 | |a 9781509821266 |q (χαρτόδετο) | ||
| 040 | |a GR-MyUa |b gre |c GR-MyUa |e AACR2 | ||
| 041 | 0 | |a eng | |
| 082 | 7 | |a 658.4092 |2 (23) | |
| 100 | 1 | |a Stern, Stefan, |e aut | |
| 245 | 1 | 0 | |a How to : be a leader / |c Stefan Stern ; |
| 260 | |a London : |b Bluebird, |c c2019. | ||
| 300 | |a 152 σ. : |c 20 εκ. | ||
| 500 | |a Concise introductions to the topics that matter. | ||
| 504 | |a Περιλαμβάνει notes και index. | ||
| 650 | 0 | |a Leadership. | |
| 650 | 0 | |a Management. | |
| 830 | 0 | |a How to : academy | |
| 852 | |a INST |b CHIOS |e 20190516 |h 658.4092 STE |p 005200039354 |q 005200039354 |t BK |y 0 | ||
| 970 | |a Παροικάκη |b Βασιλική |z 16-05-2019 | ||